Geographi graeci minores / (Record no. 68721)

MARC details
000 -LEADER
campo de control de longitud fija 02185nam a2200289 i 4500
001 - NÚMERO DE CONTROL
campo de control 68721
003 - IDENTIFICADOR DE NÚMERO DE CONTROL
campo de control ES-MaACL
005 - FECHA Y HORA DE LA ÚLTIMA TRANSACCIÓN
campo de control 20250814064713.0
007 - CAMPO FIJO DE DESCRIPCIÓN FÍSICA--INFORMACIÓN GENERAL
campo de control de longitud fija t|
008 - DATOS DE LONGITUD FIJA--INFORMACIÓN GENERAL
campo de control de longitud fija 960826m18551861fr ||||1| lat d
040 ## - FUENTE DE CATALOGACIÓN
Centro catalogador/agencia de origen CAM
Lengua de catalogación spa
Centro/agencia transcriptor CAM
245 00 - MENCIÓN DEL TÍTULO
Título Geographi graeci minores /
Mención de responsabilidad, etc. e codicibus recognovit, prolegomenis, annotatione, indicibus instruxit, tabulis aeri incisis illustravit Carolus Mullerus.
260 ## - PUBLICACIÓN, DISTRIBUCIÓN, ETC.
Lugar de publicación, distribución, etc. Parisiis :
Nombre del editor, distribuidor, etc. editore Ambrosio Firmin Didot,
Fecha de publicación, distribución, etc. 1855-1861 (
Fabricante excudebant Firmin Didot frates)
300 ## - DESCRIPCIÓN FÍSICA
Extensión 3 v. ;
Dimensiones 27 cm.
490 1# - MENCIÓN DE SERIE
Mención de serie Scriptorum graecorum bibliotheca ;
Designación de volumen o secuencia 44-46
500 ## - NOTA GENERAL
Nota general Vol. 3: Tabulae in geographos graecos minores.
505 8# - NOTA DE CONTENIDO CON FORMATO
Nota de contenido con formato Mapas y planos incluidos: [V. 3: 1-2. Africa. NO. Itinerarios. S. IV-III a.C. (1855). 3. Mediterráneo. O. (Mar). Itinerarios. S. IV-III a.C. (1855). 4. Egeo (Islas). Itinerarios. S. IV-III a.C. (1855). 5. Mar Negro. Itinerarios. S. IV-III a.C. (1855). 5 Bis. Mediterráneo. E. (Mar). Itinerarios. S. IV-III a.C. (1855). 6-8. Mar Rojo. Mapas generales. S. II a. C. (1855). 9. Éufrates (Río). Itinerarios. S. I a. C. (1855). 10. Persia. Itinerarios. S. II a. C. (1855). 11. Índico (Océano). Itinerarios. S. III-I a. C. (1855). 12. Libia. E. Itinerarios. S. III-I a. C. (1855). 13. Arabia. Costas. S. I a.C. (1855). 14. India. Costas. S. III-I a. C. (1855). 15. Índico (Océano). Costas. S. I I (1855). 16 -18. Mar Negro. Itinerarios. S. I I (1855). 19-23. Libia. Costas. S. I-II (1855). 24. Cilicia. Costas. S. II-III (1855). 25. Asia Menor. Costas. S. III (1855). 26. Chipre (Isla). Costas. S. III-IV. (1855). 27. Creta (Grecia) (Isla). Mapas generales. 1855. 28. Índico (Océano). Itinerarios. S. IV (1855). 29. Europa. Itinerarios. S. IV (1855).]
530 ## - NOTA DISPONIBLE DE FORMULARIO FÍSICO ADICIONAL
Nota de formato físico adicional disponible Disponible en formato digital.
546 ## - NOTA DE IDIOMA
Nota de lengua/lenguaje Texto en griego y latín.
597 ## - NOTA DE DESCRIPCIÓN FÍSICA
NOTA DE DESCRIPCIÓN FÍSICA Texto a 2 col.
650 #7 - PUNTO DE ACCESO ADICIONAL DE MATERIA--TÉRMINO DE MATERIA
Término de materia o nombre geográfico como elemento de entrada Geografía antigua
Fuente del encabezamiento o término embne
9 (RLIN) 136173
700 1# - ENTRADA AGREGADA--NOMBRE PERSONAL
Nombre de persona Müller, Karl,
Fechas asociadas al nombre 1813-1894
9 (RLIN) 84133
830 0# - PUNTO DE ACCESO ADICIONAL DE SERIE-TÍTULO UNIFORME
Título uniforme Scriptorum graecorum bibliotheca ;
Designación de volumen o secuencia 44-46
9 (RLIN) 182435
852 ## - LOCALIZACIÓN
Ubicación ES-MaACL
Número de control de estantería B-2452-54
856 ## - LOCALIZACIÓN Y ACCESO ELECTRÓNICOS
Identificador Uniforme de Recursos <a href="http://bdh-rd.bne.es/viewer.vm?id=0000001224&page=1 ">http://bdh-rd.bne.es/viewer.vm?id=0000001224&page=1 </a>
Nota pública Biblioteca Digital Hispánica
Holdings
Estatus retirado Estado de pérdida Estado de daño No para préstamo Colección Biblioteca de origen Biblioteca actual Ubicación en estantería Fecha de adquisición Fuente de adquisición Total de préstamos Signatura topográfica completa Código de barras Visto por última vez Precio de reemplazo Tipo de ítem Koha
        Colección digital Biblioteca del Ateneo de Madrid Biblioteca del Ateneo de Madrid Sala Pardo Bazán 17/01/2008     B-2452-54 1071950 23/02/2023 23/02/2023 Libro impreso antiguo